000
00366nam a2200169Ia 4500
003
0100
008
130303s9999 xx 000 0 und d
040
_c
ARRUPELIB
050
_a
Q175.D25 1960
100
_a
Danto, Arthur
245
_a
Philosophy of Science
260
_a
Cleveland
260
_b
Meridian books
260
_C
1960
300
_a
477p
942
0
0
_0
1
999
_c
46955
_d
46955